| 000 | 01293cam a2200325 i 4500 | ||
|---|---|---|---|
| 003 | DO-SdBNP | ||
| 005 | 20240305135815.0 | ||
| 007 | ta | ||
| 008 | 751003s2007 gt 000 0 spa d | ||
| 020 | _a9992201681 | ||
| 040 |
_aDO-SdBNP _bspa _cBNPHU _erda |
||
| 082 | 4 |
_aG863.44 _bM828s _222 |
|
| 100 | 1 |
_aMorales, Mario Roberto, _d1947-2001 _984493 |
|
| 245 | 1 | 0 |
_aSeñores bajo los árboles : _bbrevísima relación de la destrucción de los indios / _cMario Roberto Morales |
| 264 | 1 |
_aGuatemala : _bMinisterio de Cultura y Deportes, _c2007. |
|
| 300 |
_a167 páginas _c21 cm. |
||
| 336 |
_2rdacontent _atexto _btxt |
||
| 337 |
_2rdamedia _asin mediación _bn |
||
| 338 |
_2rdacarrier _avolumen _bnc |
||
| 490 | 1 |
_aNarrativa guatemalteca _aMiguel Ángel Asturias _v28 |
|
| 500 | _aIncluye datos biográficos del autor en la solapa de la cubierta | ||
| 500 | _aBrevísima relación de la destrucción de los indios. Testinovela. | ||
| 586 | _aPremio Nacional de Literatura "Miguel Ángel Asturias", 2007. | ||
| 590 | _aInventariado, 2023/ YL | ||
| 650 | 4 |
_aNovela Guatemalteca _95393 |
|
| 650 | 4 |
_aLiteratura Guatemalteca _914068 |
|
| 830 | 0 |
_aNarrativa guatemalteca _pMiguel Ángel Asturias ; _n28 _984518 |
|
| 910 | _aYlockward/Validado. Control de calidad MFF | ||
| 942 |
_2ddc _cLBS1 |
||
| 999 |
_c55181 _d55181 |
||